Relatively true: (Record no. 193592)

MARC details
000 -LEADER
fixed length control field 00731nam a22001937a 4500
005 - DATE AND TIME OF LATEST TRANSACTION
control field 20221130110952.0
010 ## - LCCN (DPL NO)
LC control number ENG-135619
020 ## - INTERNATIONAL STANDARD BOOK NUMBER
Terms of availability 540.00
International Standard Book Number 9789354423055
035 ## - SYSTEM CONTROL NUMBER
System control number EN-119151
037 ## - SOURCE OF ACQUISITION
Source of stock number/acquisition DBAD/PUB
082 ## - DEWEY DECIMAL CLASSIFICATION NUMBER
Classification number 823.0108092
245 ## - TITLE STATEMENT
Title Relatively true:
Remainder of title stories of truth, deception, post-truth from the indian subcontinent and australia
Statement of responsibility, etc edited by Meenakshi Bharat [and] Sharon Rundle
260 ## - PUBLICATION, DISTRIBUTION, ETC. (IMPRINT)
Place of publication, distribution, etc Telangana
Name of publisher, distributor, etc Orient Blackswan Pvt. Ltd.
Date of publication, distribution, etc 2022
270 ## - ADDRESS
Address 3-6-752 Himayatnagar, Hyderabad
City Telangana
Postal code 500029
Electronic mail address info@orientblackswan.com
300 ## - PHYSICAL DESCRIPTION
Extent xiii; 223p.
Dimensions 22cm(pbk)
700 ## - ADDED ENTRY--PERSONAL NAME
Personal name Bharat, Meenakshi
Relator term Editor
700 ## - ADDED ENTRY--PERSONAL NAME
Personal name Rundle, Sharon
Relator term Editor
942 ## - ADDED ENTRY ELEMENTS (KOHA)
Source of classification or shelving scheme Dewey Decimal Classification
Item type English Books
Call number suffix REL
Classification part 823.0108092
Holdings
Withdrawn status Lost status Not for loan Collection code Home library Current library Date acquired Source of acquisition Cost, normal purchase price Full call number Barcode Copy number Cost, replacement price Koha item type
      Non-fiction Peshwa Road Peshwa Road 04/11/2022 DBAD/PUB 540.00 823.0108092 REL EN-119151 1 540.00 English Books

© Delhi Public Library
Hit Counter
free hit counter